1566 1120 1162 1411 1704 1635 1587 1724 1417 1426 1835 1943 1361 1966 1777 1514 1384 1712 1761 1757 1510 1235 1099 1924 1589 1353 1249 1543 1246 1617 1596 1366 1766 1527 1201 1993 1675 1808 1187 1291 1080 1200 1941 1939 1250 1210 1688 1828 1655 1981 1638 1567 1200 1086 1104 1164 1021 1514 1107 1149 1008 1205 1936 1150 1387 1446 1103 1336 1386 1693 1800 1676 1222 1783 1643 1689 1291 1348 1928 1816 1628 1339 1274 1036 1097 1151 1587 1718 1018 1139 1432 1312 1723 1950 1157 1965 1027 1518 1979 BCNSPRNW ULIB Ver.6.0+V

เปลี่ยนเป็นภาษาไทย

Change to English
 แสดงรายละเอียดบรรณานุกรม
  กลับหน้าหลัก

Brief Record : Get Marc (ISO 2709) : E-mail record : QR code < ปิดหน้าต่าง
LEADER : 00000nam 2200000uu 4500
001    13399127898
003     ULIB
008    211025s2563||||th 000 0 tha d
020    ^a9786160450435
060 04 ^aWS103^bท56ร
100 0  ^aเทพกัญญา พรหมขัติแก้ว.
245 10 ^aเรียนรู้แบบสืบเสาะสำหรับเด็กปฐมวัย /^cเทพกัญญา พรหมขัติแก้ว.
250    ^aพิมพ์ครั้งที่ 1
260    ^aกรุงเทพฯ :^bนานมีบุ๊คส์,^c2563.
300    ^a140 หน้า ;^c26 ซม.
504    ^aบรรณานุกรม : หน้า135-136
505 2  ^aสารบัญ : รู้จักการสืบเสาะ -- วิธีส่งเสริมให้เด็กสืบเสาะ -- การส่งเสริมให้เด็กปฐมวัยรู้จักสืบเสาะอย่างเป็นระบบ -- การสืบเสาะในชั้นเรียนปฐมวัย
520 2  ^aสาระสังเขป : ปูพื้นฐานความรู้ความเข้าใจเรื่อง "การสืบเสาะ" ทั้งในแง่ของความหมายระดับของการสืบเสาะในแบบต่าง ๆ เพื่อให้คุณครูระดับปฐมวัยเข้าใจกระบวนการ เรียนรู้ด้วยวิธีการนี้และนำไปใช้ได้อย่างเหมาะสม อธิบายเรื่องธรรมชาติการเรียนรู้ ของเด็กปฐมวัยและความสำคัญของการสืบเสาะต่อการส่งเสริมพัฒนาการในด้าน ต่าง ๆ ของเด็ก แนะนำวิธีการกระตุ้นให้เด็กสืบเสาะหาความรู้ด้วยตัวเองอย่างเป็นระบบ พร้อมแนวทางและตัวอย่างการจัดประสบการณ์การเรียนรู้เพื่อส่งเสริมการสืบเสาะในชั้นเรียนปฐมวัย
650 07 ^aการศึกษาปฐมวัย.
650 07 ^aการเรียนแบบสืบเสาะหาความรู้.
945    ^p185^l0^i29034
945    ^p185^l0^i29035
945    ^p185^l0^i29036
945    ^p185^l0^i29037
945    ^p185^l0^i29038
999    ^aกัรชพร จุลอักษร
รายการนี้ยังไม่มีแท็ก
คุณยังไม่ได้ล็อกอิน คุณสามารถมีกิจกรรมร่วมกับเว็บไซต์ได้ แต่ต้องล็อกอินก่อน ::
  ล็อกอิน

รายการสื่อสารสนเทศ

ลำดับที่ ประเภท เลขเรียก/บาร์โค้ด สถานที่ สถานะ
1. หนังสือสำรอง
หนังสือสำรอง
WS103 ท56ร ฉ.1 
  Barcode: 29034
ห้องสมุดวิทยาเขตนครสวรรค์
►หนังสือทั่วไป:l:General Books
บนชั้น
2. วิทยาศาสตร์การแพทย์ และสุขภาพ
วิทยาศาสตร์การแพทย์ และสุขภาพ
WS103 ท56ร ฉ.2 
  Barcode: 29035
ห้องสมุดวิทยาเขตนครสวรรค์
►หนังสือทั่วไป:l:General Books
บนชั้น
3. วิทยาศาสตร์การแพทย์ และสุขภาพ
วิทยาศาสตร์การแพทย์ และสุขภาพ
WS103 ท56ร ฉ.3 
  Barcode: 29036
ห้องสมุดวิทยาเขตนครสวรรค์
►หนังสือทั่วไป:l:General Books
บนชั้น
4. วิทยาศาสตร์การแพทย์ และสุขภาพ
วิทยาศาสตร์การแพทย์ และสุขภาพ
WS103 ท56ร ฉ.4 
  Barcode: 29037
ห้องสมุดวิทยาเขตนครสวรรค์
►หนังสือทั่วไป:l:General Books
บนชั้น
5. วิทยาศาสตร์การแพทย์ และสุขภาพ
วิทยาศาสตร์การแพทย์ และสุขภาพ
WS103 ท56ร ฉ.5 
  Barcode: 29038
ห้องสมุดวิทยาเขตนครสวรรค์
►หนังสือทั่วไป:l:General Books
บนชั้น

รายการใกล้เคียง
    ผู้แต่ง [เทพกัญญา พรหมขัติแก้ว.]

    หัวเรื่อง [การศึกษาปฐมวัย.]
    หัวเรื่อง [การเรียนแบบสืบเสาะหาความรู้.]

BibComment


ยังไม่เคยถูกคอมเมนท์

คอมเมนท์ทรัพยากรรายการนี้
  คอมเมนท์: เรียนรู้แบบสืบเส..


 Copyright 2026. Bcnsprnw @Library